Islands by Satellite Image #34 - Statistics

General Stats
  • This quiz has been taken 36 times
  • The average score is 3 of 16
Answer Stats
Picture Answer % Correct
South Andros Island
67%
Boa Vista
33%
Livingston Island
33%
Muharraq
33%
Buton
17%
Jolo
17%
La Tortuga
17%
Mangareva
17%
Saint John
17%
Djurgården
0%
'Eua
0%
Île d'If
0%
Ko Pha-ngan
0%
Rennell
0%
Roatán
0%
Schouwen-Duiveland
0%
No matching quizzes found
Score Distribution
Percent of People with Each Score
Percentile by Number Answered
Your Score History
You have not taken this quiz